000 00590nam a2200229Ia 4500
003 OSt
005 20221007074134.0
006 a|||||r|||| 00| 0
007 ta
008 221006b |||||||| |||| 00| 0 eng d
024 _a28,668
037 _cTextual
040 _aFLL
_cFLL
_beng
041 _2eng
_aeng
082 _aZQ7, A
100 _aMacnaghten W.H.
_9684460
245 0 _aMoohummudan law
260 _aMadras
_bJ. Higginbotham, Mount Road India
_c1864
300 _alix,556p
_ccm.
942 _hZQ7, A
_cTEXL
_2CC
999 _c1151287
_d1151287